000 00650nam a22002177a 4500
003 UA-OsUOA
001 93531
007 ta
008 20130122b un ||||| |||| 00| 0 ukr d
090 _a821.581
_bВ85
942 _cBK
040 _aUA-OsUOA
_brus
_cUA-OsUOA
_dUA-OsUOA
245 _aВстреча в ланьчжоу
_bкитайские писатели о молодежи
_cРед. Котенко Св.
300 _a254 с.
955 _a3
041 _arus
080 _a821.581
260 _aМ.
_bМолодая гвардия
_c1987
650 7 _a82 Література. Літературознавство
_2UDC
999 _c379787
_d379787